书目信息 |
| 题名: |
生化实验方法和技术
|
|
| 作者: | 张龙翔 编著 | |
| 分册: | ||
| 出版信息: | 北京 人民教育出版社 1981 |
|
| 页数: | 413页 | |
| 开本: | 25cm | |
| 丛书名: | ||
| 单 册: | ||
| 中图分类: | Q5-33 , Q5-3 | |
| 科图分类: | ||
| 主题词: | 生物化学--高等学校--教材 , 生物化学--研究方法 | |
| 电子资源: | ||
| ISBN: | 7-04-000548-4 | |
| 000 | 00768nam0 2200277 45 | |
| 001 | 0181005134 | |
| 005 | 20040525081349.0 | |
| 010 | @a7-04-000548-4@dCNY5.45 | |
| 091 | @aCN@b13012.0665 | |
| 100 | @a19950420d1981 em y0chiy0121 ea | |
| 101 | 0 | @achi |
| 102 | @aCN@b110000 | |
| 105 | @ay z 000yy | |
| 106 | @ar | |
| 200 | 10 | @a生化实验方法和技术@Asheng hua shi yan fang fa he ji shu@f张龙翔等编著 |
| 210 | @a北京@c人民教育出版社@d1981@h1989 | |
| 215 | @a413页@d25cm | |
| 300 | @a高等学校教材 | |
| 606 | @a生物化学@x高等学校@x教材 | |
| 606 | 0 | @a生物化学@x研究方法 |
| 690 | @aQ5-33@v3 | |
| 690 | @aQ5-3 | |
| 701 | 0 | @a张龙翔@Azhang long xiang@4编著 |
| 801 | 0 | @aCN@b上海图书馆@c20040525 |
| 801 | 2 | @aCN@bNLC@c20040525 |
| 905 | @f1@b226806@dQ5-3@e56 | |
| 生化实验方法和技术/张龙翔等编著.-北京:人民教育出版社,1981(1989) |
| 413页;25cm |
| 高等学校教材 |
| ISBN 7-04-000548-4:CNY5.45 |
| ● |
| 相关链接 |
|
|
|
|
正题名:生化实验方法和技术
索取号:Q5-3/56
 
预约/预借
| 序号 | 登录号 | 条形码 | 馆藏地/架位号 | 状态 | 备注 |
| 1 | 0226806 | 000703028 | 第三借阅区/ [索取号:Q5-3/56] | 在馆 |